Resilience & the city (Record no. 42067)

000 -LEADER
fixed length control field 00548nam a2200205 a 4500
001 - CONTROL NUMBER
control field 42067
003 - CONTROL NUMBER IDENTIFIER
control field BD-DhUET
008 - FIXED-LENGTH DATA ELEMENTS--GENERAL INFORMATION
fixed length control field 120608s2012 vtu b 001 0 eng
020 ## - INTERNATIONAL STANDARD BOOK NUMBER
International Standard Book Number 9781138248038
040 ## - CATALOGING SOURCE
Original cataloging agency DLC
Transcribing agency DLC
Modifying agency BD-DhUET
082 00 - DEWEY DECIMAL CLASSIFICATION NUMBER
Classification number 307.76
Item number ROG/2012
100 ## - MAIN ENTRY--PERSONAL NAME
Personal name Rogers, Peter
245 10 - TITLE STATEMENT
Title Resilience & the city
Remainder of title change, (dis) order and disaster
250 ## - EDITION STATEMENT
Edition statement 1st ed.
260 ## - PUBLICATION, DISTRIBUTION, ETC. (IMPRINT)
Place of publication, distribution, etc. London
Name of publisher, distributor, etc. Routledge
Date of publication, distribution, etc. 2012
300 ## - PHYSICAL DESCRIPTION
Extent ix, 211 p.
504 ## - BIBLIOGRAPHY, ETC. NOTE
Bibliography, etc Includes bibliographies
650 #0 - SUBJECT ADDED ENTRY--TOPICAL TERM
Topical term or geographic name as entry element Cities and towns-Social aspects
942 ## - ADDED ENTRY ELEMENTS (KOHA)
Koha item type General Book
Holdings
Price effective from Sublocation or collection (holding branch) Koha normalized classification for sorting Piece designation (barcode) Koha full call number Withdrawn status Source of classification or shelving scheme Date acquired Location (home branch) Koha item type Damaged status Not for loan Shelving location Lost status Koha date last seen Copy number
2019-10-15Central Library, BUET307_760000000000000_ROG_2012117277307.76/ROG/2012  2019-10-15Central Library, BUETGeneral Book  Reading section 2019-10-151